000 00989nam a2200253Ia 4500
003 OSt
005 20220923215738.0
006 a|||||r|||| 00| 0
007 ta
008 220922b |||||||| |||| 00| 0 hin d
024 _a181,420
037 _cTextual
040 _aARTS
_cARTS
_bhin
041 _2hin
_ahin
082 _aO152,1:gN, M6
100 _aकमलेश्वर प्रसाद
245 0 _aहिन्दी में लम्बी कविता अवधारणा, स्वरूप एवं मूल्यांकन
246 _aHindī mean lambī kavitā avadhāraṇā, svarūp evan mūlyāankana
260 _aजालन्धर
_b भारतीय संस्कृत भवन प्रकाशन
_c1986
300 _a324 पृ.
_ccm.
650 _aहिन्दी साहित्य
_9156264
942 _hO152,1:gN, M6
_cTEXL
_2CC
999 _c334797
_d334797